Potravinový problém a rozvojové krajiny diplomová práca

Saved in:
Bibliographic Details
Main Author: Boldiš, Tomáš
Corporate Author: Fakulta medzinárodných vzťahov EU. Katedra medzinárodných ekonomických vzťahov a hospodárskej diplomacie
Other Authors: Grešš, Martin, 1978-
Format: Book
Language:Slovak
Published: Bratislava 2013
Tags: Add Tag
No Tags, Be the first to tag this record!

MARC

LEADER 00000nbm a2200000 4500
001 0176178
005 20170209091555.4
041 0 |a slo 
044 |a SK 
245 1 0 |a Potravinový problém a rozvojové krajiny  |b diplomová práca  |c Tomáš Boldiš ; školiteľ: Martin Grešš 
264 1 |a Bratislava  |c 2013 
300 |a 70 s. 
100 1 |a Boldiš, Tomáš 
700 1 |a Grešš, Martin, 1978- 
710 2 |a Fakulta medzinárodných vzťahov EU. Katedra medzinárodných ekonomických vzťahov a hospodárskej diplomacie